Flagi państw świata w 1880 roku - Statystyki

Ogólne statystyki
  • Ten quiz został rozwiązany 286 razy
  • Średni wynik to 36 z 95
Statystyki odpowiedzi
Obrazkowy Odpowiedź % Poprawnych
Argentyna
98%
Belgia
87%
Cesarstwo Japońskie
86%
Cesarstwo Koreańskie
86%
Dania
86%
Austro-Węgry
85%
Chile
85%
Bhutan
84%
Cesarstwo Brazylii
79%
Dominikana
76%
Cesarstwo Niemieckie
75%
Francja
75%
Boliwia
74%
Imperium Rosyjskie
73%
Holandia
72%
Królestwo Nepalu
68%
Meksyk
68%
Haiti
67%
Królestwo Włoch
67%
Księstwo Bułgarii
67%
Kolumbia
66%
Królestwo Hiszpanii
66%
Luksemburg
66%
Stany Zjednoczone
66%
Monako
65%
Gwatemala
64%
Honduras
64%
San Marino
64%
Szwajcaria
64%
Wielka Brytania
64%
Imperium Osmańskie
63%
Księstwo Serbii
63%
Liberia
62%
Nowa Zelandia
62%
Peru
62%
Urugwaj
62%
Kostaryka
61%
Paragwaj
61%
Cesarstwo Etiopii
59%
Królestwo Portugalii
58%
Wenezuela
55%
Królestwo Burundi
50%
Ekwador
48%
Królestwo Grecji
48%
Kanada
39%
Nikaragua
38%
Australia Zachodnia
37%
Andora
35%
Liechtenstein
35%
Indie Brytyjskie
34%
Księstwo Rumunów
34%
Dynastia Qing
31%
Królestwo Hawajów
28%
Syjam
26%
Persja
25%
Stowarzyszenie Kongo
24%
Republika Południowej Afryki
15%
Oman-Maskat
13%
Unia Szwedzko-Norweska
13%
Dynastia Konbaung
12%
Królestwo Beninu
10%
Emirat Nadżdu
9%
Salwador
9%
Sułtanat Malediwów
9%
Emirat Shammaru
7%
Nowa Fundlandia
7%
Wolne Państwo Orania
7%
Ashanti
5%
Sułtanat Zanzibaru
4%
Dynastia Nguyen
3%
Królestwo Dahomeju
3%
Sułtanat Johoru
3%
Złote Wybrzeże
3%
Królestwo Bornu
2%
Królestwo Imerina
2%
Królestwo Loango
2%
Sułtanat Brunei
2%
Kalifat Sokoto
1%
Królestwo Bali
1%
Sułtanat Alawi
1%
Sułtanat Sulu
1%
Emirat Dhala
0%
Emirat Kano
0%
Górna Jafa
0%
Królestwo Ankoli
0%
Królestwo Barotselandu
0%
Królestwo Champasaku
0%
Królestwo Mambangu
0%
Sułtanat Bulunganu
0%
Sułtanat Fadhili
0%
Sułtanat Gowy
0%
Sułtanat Habanu
0%
Sułtanat Honzy
0%
Sułtanat Isaku
0%
Sułtanat Maguindanao
0%
Nie znaleziono quizów pasujących do podanych kryteriów
Rozkład punktacji
Procent ludzi z każdym wynikiem
Percentyl według liczby udzielonych odpowiedzi
Twoja historia wyników
Nie rozwiązałeś tego quizu